000 00420nam a22001817a 4500
003 CEME
005 20210628210649.0
008 210211b xxu||||| |||| 00| 0 eng d
020 _a0-07-365977-0
040 _c.
082 _a531.11 BAR
100 _aBaruh, Haim
_980406
245 _aAnalytical dynamics
260 _aBOSTAN
_bMCGRAW HILL
_c1999
300 _a728P
650 _aDYNAMICS
_97202
942 _cBK
_2ddc
999 _c585348
_d585348